[Event "RUS-ch sf"]
[Site "Orsk"]
[Date "2000.??.??"]
[Round "6"]
[White "Konnov, Oleg"]
[Black "Poliakov, Sergey"]
[Result "1/2-1/2"]
[WhiteElo "2340"]
[BlackElo "2314"]
[PlyCount "105"]
[EventDate "2000.??.??"]
[EventType "swiss"]
[EventRounds "11"]
[EventCountry "RUS"]
[SourceTitle "EXT 2001"]
[Source "ChessBase"]
[SourceDate "2000.11.22"]
[SourceVersion "1"]
[SourceVersionDate "2000.11.22"]
[SourceQuality "1"]

1. d4 d5 2. c4 e6 3. Nc3 Nf6 4. cxd5 exd5 5. Bg5 Be7 6. e3 c6 7. Qc2 Nbd7 8. Bd3 0-0 9. Nf3 Re8 10. 0-0 Nf8 11. h3 a6 12. Rab1 Bd6 13. Rfe1 Bd7 14. b4 Ng6 15. e4 dxe4 16. Nxe4 Be7 17. Nc5 Bc8 18. Bxf6 Bxf6 19. Rxe8+ Qxe8 20. Re1 Qf8 21. a3 b6 22. Na4 Rb8 23. Ne5 Bxe5 24. dxe5 Qe8 25. Re3 Bd7 26. Nc3 a5 27. bxa5 bxa5 28. h4 Qe7 29. h5 Nf8 30. h6 Qxa3 31. hxg7 Qa1+ 32. Kh2 Ng6 33. Bf5 Be6 34. Bxe6 fxe6 35. Qd3 Qa3 36. Qc4 Qe7 37. Qxc6 Kxg7 38. g3 Rf8 39. Ne4 Kh8 40. Kg2 Nxe5 41. Qc3 Qg7 42. Nc5 Ng4 43. Qxg7+ Kxg7 44. Nxe6+ Kg8 45. Re4 Rxf2+ 46. Kg1 Nf6 47. Ra4 Rf5 48. Nd8 Rg5 49. Kg2 Nh5 50. g4 Nf6 51. Kf3 Nd7 52. Kf4 Rb5 53. Nc6 1/2-1/2